000 00334nam a2200133 i 4500
001 bg
100 1 _aŻYDANOWICZ, Zofia
245 0 _aBibliografie narodowe bieżące :
_bprzewodnik /
_cZofia Żydanowicz.
260 _aWarszawa,
_c1973.
040 _cBPK
041 _apol
942 _cKS
008 s pl f |000 0 pol
999 _c16809
_d16809
856 _uhttp://koha.tu.koszalin.pl/cgi-bin/koha/opac-detail.pl?biblionumber=16809
_yKatalog online BPK